Electronic Devices and Circuit Theory (Record no. 589911)

000 -LEADER
fixed length control field 00459nam a22001577a 4500
020 ## - INTERNATIONAL STANDARD BOOK NUMBER
International Standard Book Number 9789332542600
040 ## - CATALOGING SOURCE
Transcribing agency NUST
082 ## - DEWEY DECIMAL CLASSIFICATION NUMBER
Classification number 621.3815 BOY
100 ## - MAIN ENTRY--PERSONAL NAME
Personal name Boylestad, Robert L.
9 (RLIN) 83339
110 ## - MAIN ENTRY--CORPORATE NAME
Corporate name or jurisdiction name as entry element Nashelsky, Louis
9 (RLIN) 91781
245 ## - TITLE STATEMENT
Title Electronic Devices and Circuit Theory
250 ## - EDITION STATEMENT
Edition statement 11th Edition
260 ## - PUBLICATION, DISTRIBUTION, ETC.
Place of publication, distribution, etc. New Delhi:
Name of publisher, distributor, etc. Pearson Education,
Date of publication, distribution, etc. 2016.
650 ## - SUBJECT ADDED ENTRY--TOPICAL TERM
Topical term or geographic name entry element DEE TEXTBOOK. ELECTRONIC DEVICES AND CIRCUIT THEORY
9 (RLIN) 91782
942 ## - ADDED ENTRY ELEMENTS (KOHA)
Source of classification or shelving scheme
Koha item type Text Books
Holdings
Withdrawn status Lost status Source of classification or shelving scheme Damaged status Not for loan Permanent Location Current Location Shelving location Date acquired Total Checkouts Full call number Barcode Date last seen Price effective from Koha item type
          College of Electrical & Mechanical Engineering (CEME) College of Electrical & Mechanical Engineering (CEME) Text Books 05/24/2022   621.3815 BOY CEME-48167 05/24/2022 05/24/2022 Reference
          College of Electrical & Mechanical Engineering (CEME) College of Electrical & Mechanical Engineering (CEME) Text Books 05/24/2022   621.3815 BOY CEME-48168 05/24/2022 05/24/2022 Reference
          College of Electrical & Mechanical Engineering (CEME) College of Electrical & Mechanical Engineering (CEME) Text Books 05/24/2022   621.3815 BOY CEME-48169 05/24/2022 05/24/2022 Reference
          College of Electrical & Mechanical Engineering (CEME) College of Electrical & Mechanical Engineering (CEME) Text Books 05/24/2022   621.3815 BOY CEME-48170 05/24/2022 05/24/2022 Reference
          College of Electrical & Mechanical Engineering (CEME) College of Electrical & Mechanical Engineering (CEME) Text Books 05/24/2022   621.3815 BOY CEME-48171 05/24/2022 05/24/2022 Reference
© 2023 Central Library, National University of Sciences and Technology. All Rights Reserved.